Taller de habilidades preventivas parentales. Manual para facilitadores/facilitadoras
Tallennettuna:
| Päätekijä: | |
|---|---|
| Muut tekijät: | , |
| Aineistotyyppi: | Kirja |
| Kieli: | englanti |
| Julkaistu: |
Santiago, Chile:
SENDA,
2020
|
| Painos: | 3ª versión. |
| Aiheet: | |
| Tagit: |
Lisää tagi
Ei tageja, Lisää ensimmäinen tagi!
|
MARC
| LEADER | 00000nam a22000007a 4500 | ||
|---|---|---|---|
| 003 | CL-VaPUC | ||
| 005 | 20220607114604.0 | ||
| 008 | 220524b2020 ||||| |||| 00| 0 eng d | ||
| 999 | |c 435709 |d 435707 | ||
| 020 | |a 978-956-9141-27-0 | ||
| 040 | |c Pontificia Universidad Católica de Valparaíso | ||
| 082 | 7 | |a 362.29 GON 2020 |2 22 | |
| 100 | 1 | |a González Muzzio, Beatriz |e autora |9 869742 | |
| 245 | |a Taller de habilidades preventivas parentales. |b Manual para facilitadores/facilitadoras | ||
| 250 | |a 3ª versión. | ||
| 260 | |a Santiago, Chile: |b SENDA, |c 2020 | ||
| 300 | |a 170 páginas; |e Hojas Informativas, Hojas de Trabajo - Ilustraciones | ||
| 583 | |c 20220524 |k Cristina María Rojas Aguilar | ||
| 650 | |a Consumo de drogas |x Prevención |x Familia |9 869878 | ||
| 650 | |a Consumo de alcohol |x Prevención |x Familia |9 869879 | ||
| 700 | |a Morgan Herrera, Ximena |e autora |9 869743 | ||
| 700 | |a Trela Arroyo, Juan |e autor |9 869744 | ||
| 942 | |2 ddc |c BK | ||
| 952 | |0 0 |1 0 |2 ddc |4 0 |6 362_290000000000000_GON_2020 |7 0 |8 C_SENDA |9 583246 |a BIBEDU |b BIBEDU |c ES_NOD |d 2022-05-24 |e Comodato-SENDA |i 5651364 |o 362.29 GON 2020 |p 5651364 |r 2023-08-09 |t 1 |w 2022-05-24 |x 07505005101 |y BK |k BME | ||